[Event "English Schools Championship Final 2024"]
[Site "Nottingham University Kings Meadow Campus, United Kingdom"]
[Date "2024.06.27"]
[Round "3.64"]
[White "Mupfiga, Thabiso"]
[Black "Cooper, George"]
[Result "1-0"]
[TimeControl "G50' + 10\" per move."]
[BlackFideId "343411304"]
[WhiteElo "1455"]
[BlackElo "1575"]

1. d4 {[%clk 00:50:19]} {[%emt 00:00:01]} Nf6 {[%clk 00:50:17]} {[%emt
00:00:03]} 2. Bf4 {[%clk 00:50:17]} {[%emt 00:00:12]} e6 {[%clk 00:50:18]}
{[%emt 00:00:10]} 3. Nf3 {[%clk 00:50:17]} {[%emt 00:00:10]} d5 {[%clk
00:50:21]} {[%emt 00:00:06]} 4. e3 {[%emt 00:00:16]} c5 {[%clk 00:50:27]} 5. c3
{[%clk 00:50:04]} {[%emt 00:00:21]} Nc6 {[%clk 00:50:29]} {[%emt 00:00:09]} 6.
Be2 {[%clk 00:49:55]} {[%emt 00:00:18]} Be7 {[%clk 00:50:24]} {[%emt 00:00:15]}
7. O-O {[%clk 00:49:46]} {[%emt 00:00:20]} Nh5 {[%clk 00:50:25]} {[%emt
00:00:09]} 8. Ne5 {[%clk 00:47:44]} {[%emt 00:02:12]} Nxf4 {[%clk 00:50:07]}
{[%emt 00:00:28]} 9. exf4 {[%clk 00:47:27]} {[%emt 00:00:25]} cxd4 {[%clk
00:49:40]} {[%emt 00:00:37]} 10. Nxc6 {[%emt 00:00:41]} bxc6 {[%clk 00:49:40]}
{[%emt 00:00:05]} 11. Qxd4 {[%clk 00:46:43]} {[%emt 00:00:29]} O-O {[%clk
00:49:09]} {[%emt 00:00:41]} 12. b4 {[%clk 00:46:36]} {[%emt 00:00:16]} Bf6
{[%clk 00:48:41]} {[%emt 00:00:38]} 13. Qe3 {[%clk 00:45:31]} {[%emt 00:01:16]}
Qc7 {[%clk 00:47:47]} {[%emt 00:01:03]} 14. Nd2 {[%clk 00:44:12]} {[%emt
00:01:29]} a5 {[%clk 00:46:08]} {[%emt 00:01:50]} 15. Rab1 {[%clk 00:42:12]}
{[%emt 00:02:10]} axb4 {[%clk 00:46:00]} {[%emt 00:00:18]} 16. Rxb4 {[%clk
00:41:17]} {[%emt 00:01:05]} Rxa2 {[%clk 00:45:45]} {[%emt 00:00:25]} 17. Rfb1
{[%clk 00:40:40]} {[%emt 00:00:46]} Ra3 {[%clk 00:44:35]} {[%emt 00:01:20]} 18.
Nb3 {[%clk 00:40:15]} {[%emt 00:00:35]} c5 {[%clk 00:43:05]} {[%emt 00:01:41]}
19. Rb5 {[%clk 00:37:33]} {[%emt 00:02:52]} c4 {[%clk 00:42:07]} {[%emt
00:01:08]} 20. Nd4 {[%clk 00:36:24]} {[%emt 00:01:19]} Ba6 {[%clk 00:40:18]}
{[%emt 00:01:59]} 21. Rb6 {[%clk 00:35:02]} {[%emt 00:01:32]} Bxd4 {[%clk
00:36:30]} {[%emt 00:03:58]} 22. Qxd4 {[%clk 00:34:33]} {[%emt 00:00:39]} Ra8
{[%clk 00:35:54]} {[%emt 00:00:45]} 23. Qe5 {[%clk 00:31:39]} {[%emt 00:03:04]}
Qxb6 {[%clk 00:35:12]} {[%emt 00:00:52]} 24. Rxb6 {[%clk 00:31:30]} {[%emt
00:00:19]} Ra1+ {[%clk 00:35:17]} {[%emt 00:00:06]} 25. Bf1 {[%clk 00:31:32]}
{[%emt 00:00:08]} 1-0

[Event "English Schools Championship Final 2024"]
[Site "Nottingham University Kings Meadow Campus, United Kingdom"]
[Date "2024.06.27"]
[Round "3.65"]
[White "Schwager, Ziggy"]
[Black "Ragu, Sachin"]
[Result "1-0"]
[TimeControl "G50' + 10\" per move."]
[WhiteFideId "343414478"]
[BlackFideId "343441726"]
[WhiteElo "1357"]
[BlackElo "1542"]

1. c4 {[%clk 00:50:16]} {[%emt 00:00:03]} e5 {[%clk 00:50:12]} {[%emt
00:00:08]} 2. Nc3 {[%clk 00:50:11]} {[%emt 00:00:08]} Nf6 {[%clk 00:50:19]}
{[%emt 00:00:10]} 3. g3 {[%clk 00:49:54]} {[%emt 00:00:27]} Nc6 {[%clk
00:50:16]} {[%emt 00:00:14]} 4. Bg2 {[%clk 00:49:51]} {[%emt 00:00:11]} Bc5
{[%clk 00:50:12]} {[%emt 00:00:15]} 5. e4 {[%clk 00:49:17]} {[%emt 00:00:40]}
d6 {[%clk 00:50:02]} {[%emt 00:00:24]} 6. h3 {[%clk 00:49:07]} {[%emt
00:00:20]} Be6 {[%clk 00:49:29]} {[%emt 00:00:44]} 7. d3 {[%clk 00:49:00]}
{[%emt 00:00:16]} h6 {[%clk 00:49:25]} {[%emt 00:00:15]} 8. Nd5 {[%clk
00:48:53]} {[%emt 00:00:17]} Nd4 {[%clk 00:44:06]} {[%emt 00:05:28]} 9. Ne2
{[%clk 00:48:21]} {[%emt 00:00:41]} c6 {[%clk 00:43:42]} {[%emt 00:00:35]} 10.
Nxd4 {[%clk 00:47:00]} {[%emt 00:01:31]} Bxd4 {[%clk 00:43:15]} {[%emt
00:00:37]} 11. Nxf6+ {[%clk 00:46:26]} {[%emt 00:00:44]} Qxf6 {[%clk 00:43:07]}
{[%emt 00:00:18]} 12. O-O {[%clk 00:45:44]} {[%emt 00:00:52]} Qg6 {[%clk
00:39:05]} {[%emt 00:04:13]} 13. Kh2 {[%clk 00:45:16]} {[%emt 00:00:37]} Rb8
{[%clk 00:38:30]} {[%emt 00:00:45]} 14. Be3 {[%clk 00:44:05]} {[%emt 00:01:21]}
Bxb2 {[%clk 00:33:33]} {[%emt 00:05:08]} 15. Rb1 {[%clk 00:40:34]} {[%emt
00:03:38]} Bd4 {[%clk 00:33:18]} {[%emt 00:00:27]} 16. Bxd4 {[%clk 00:40:22]}
{[%emt 00:00:22]} exd4 {[%clk 00:33:14]} {[%emt 00:00:14]} 17. Qa4 {[%clk
00:40:07]} {[%emt 00:00:22]} a5 {[%clk 00:28:23]} {[%emt 00:05:04]} 18. f4
{[%clk 00:32:23]} {[%emt 00:07:54]} Qh7 {[%clk 00:27:02]} {[%emt 00:01:31]} 19.
f5 {[%clk 00:30:45]} {[%emt 00:01:48]} Bd7 {[%clk 00:26:45]} {[%emt 00:00:27]}
20. Qxa5 {[%clk 00:30:21]} {[%emt 00:00:34]} O-O {[%clk 00:22:56]} {[%emt
00:03:58]} 21. Qc7 {[%clk 00:29:56]} {[%emt 00:00:36]} Rfd8 {[%clk 00:21:07]}
{[%emt 00:01:59]} 22. Rxb7 {[%emt 00:02:04]} Rxb7 {[%clk 00:20:35]} 23. Qxd8+
{[%clk 00:28:34]} {[%emt 00:00:19]} 1-0

[Event "English Schools Championship Final 2024"]
[Site "Nottingham University Kings Meadow Campus, United Kingdom"]
[Date "2024.06.27"]
[Round "3.67"]
[White "Mesropyan, Hayk"]
[Black "Xu, Weiming"]
[Result "1-0"]
[TimeControl "G50' + 10\" per move."]
[WhiteFideId "499455"]
[WhiteElo "2066"]
[BlackElo "1707"]

1. e4 {[%clk 00:50:16]} {[%emt 00:00:03]} e5 {[%clk 00:50:16]} {[%emt
00:00:04]} 2. Nf3 {[%clk 00:50:24]} {[%emt 00:00:03]} Nc6 {[%clk 00:50:23]}
{[%emt 00:00:03]} 3. Bb5 {[%clk 00:50:31]} {[%emt 00:00:03]} d6 {[%clk
00:50:03]} {[%emt 00:00:29]} 4. c3 {[%clk 00:50:04]} {[%emt 00:00:38]} Bd7
{[%clk 00:49:45]} {[%emt 00:00:27]} 5. O-O {[%clk 00:50:04]} {[%emt 00:00:10]}
Nf6 {[%clk 00:49:45]} {[%emt 00:00:09]} 6. Re1 {[%clk 00:50:13]} {[%emt
00:00:02]} g6 {[%clk 00:49:34]} {[%emt 00:00:21]} 7. d4 {[%clk 00:50:15]}
{[%emt 00:00:08]} Bg7 {[%clk 00:49:10]} {[%emt 00:00:34]} 8. Bg5 {[%clk
00:50:03]} {[%emt 00:00:23]} O-O {[%clk 00:48:14]} {[%emt 00:01:06]} 9. Na3
{[%clk 00:49:16]} {[%emt 00:00:58]} a6 {[%clk 00:46:59]} {[%emt 00:01:25]} 10.
Bxc6 {[%clk 00:48:05]} {[%emt 00:01:21]} Bxc6 {[%clk 00:45:45]} {[%emt
00:01:23]} 11. dxe5 {[%clk 00:48:12]} {[%emt 00:00:03]} dxe5 {[%clk 00:43:36]}
{[%emt 00:02:19]} 12. Nxe5 {[%clk 00:47:49]} {[%emt 00:00:34]} Qxd1 {[%clk
00:42:02]} {[%emt 00:01:44]} 13. Raxd1 {[%clk 00:47:49]} {[%emt 00:00:11]} Nxe4
{[%clk 00:40:52]} {[%emt 00:01:19]} 14. Be7 {[%clk 00:44:08]} {[%emt 00:03:51]}
Bxe5 {[%clk 00:35:55]} {[%emt 00:05:08]} 15. Bxf8 {[%clk 00:44:11]} {[%emt
00:00:07]} Kxf8 {[%clk 00:35:50]} {[%emt 00:00:15]} 16. f3 {[%clk 00:44:14]}
{[%emt 00:00:07]} Nxc3 {[%clk 00:34:20]} {[%emt 00:01:39]} 17. bxc3 {[%clk
00:43:45]} {[%emt 00:00:39]} Bxc3 {[%clk 00:34:25]} {[%emt 00:00:06]} 18. Re3
{[%clk 00:43:47]} {[%emt 00:00:09]} Bb4 {[%clk 00:33:18]} {[%emt 00:01:17]} 19.
Kf1 {[%clk 00:43:17]} {[%emt 00:00:40]} Bb5+ {[%clk 00:30:42]} {[%emt
00:02:45]} 20. Nxb5 {[%clk 00:43:15]} {[%emt 00:00:13]} axb5 {[%clk 00:30:47]}
{[%emt 00:00:05]} 21. Rb3 {[%clk 00:39:30]} {[%emt 00:03:55]} Bd6 {[%clk
00:30:38]} {[%emt 00:00:19]} 22. Rd2 {[%clk 00:39:10]} {[%emt 00:00:30]} Bxh2
{[%clk 00:27:36]} {[%emt 00:03:11]} 23. Rxb5 {[%clk 00:39:14]} {[%emt
00:00:07]} b6 {[%clk 00:27:41]} {[%emt 00:00:05]} 24. Kf2 {[%clk 00:39:04]}
{[%emt 00:00:20]} Bd6 {[%clk 00:27:02]} {[%emt 00:00:48]} 25. Rb3 {[%clk
00:38:29]} {[%emt 00:00:45]} Ra5 {[%clk 00:25:29]} {[%emt 00:01:43]} 26. Rbd3
{[%clk 00:36:30]} {[%emt 00:02:09]} h5 {[%clk 00:22:06]} {[%emt 00:03:33]} 27.
Rd5 {[%clk 00:36:19]} {[%emt 00:00:21]} Ra4 {[%clk 00:20:12]} {[%emt 00:02:04]}
28. Kf1 {[%clk 00:35:54]} {[%emt 00:00:36]} Ke7 {[%clk 00:16:04]} {[%emt
00:04:16]} 29. R5d4 {[%clk 00:35:26]} {[%emt 00:00:40]} Ra5 {[%clk 00:15:48]}
{[%emt 00:00:26]} 30. a4 {[%clk 00:35:21]} {[%emt 00:00:15]} f6 {[%clk
00:14:42]} {[%emt 00:01:15]} 31. Re4+ {[%clk 00:34:47]} {[%emt 00:00:45]} Kf7
{[%clk 00:14:30]} {[%emt 00:00:20]} 32. Rb2 {[%clk 00:34:36]} {[%emt 00:00:22]}
g5 {[%clk 00:11:36]} {[%emt 00:03:03]} 33. Rb5 {[%clk 00:33:04]} {[%emt
00:01:43]} Rxb5 {[%clk 00:11:14]} {[%emt 00:00:33]} 34. axb5 {[%clk 00:33:13]}
{[%emt 00:00:02]} h4 {[%clk 00:11:15]} {[%emt 00:00:08]} 35. Ke2 {[%clk
00:32:51]} {[%emt 00:00:32]} Be5 {[%clk 00:11:15]} {[%emt 00:00:09]} 36. Kd3
{[%clk 00:32:52]} {[%emt 00:00:10]} Ke6 {[%clk 00:11:09]} {[%emt 00:00:16]} 37.
Ra4 {[%clk 00:32:58]} {[%emt 00:00:04]} Kd5 {[%clk 00:10:52]} {[%emt 00:00:26]}
38. Rc4 {[%clk 00:33:03]} {[%emt 00:00:06]} Ke6 {[%clk 00:09:36]} {[%emt
00:01:25]} 39. Rc6+ {[%clk 00:32:03]} {[%emt 00:01:11]} Kd5 {[%clk 00:08:36]}
{[%emt 00:01:10]} 40. Ke3 {[%clk 00:32:11]} {[%emt 00:00:02]} Bf4+ {[%clk
00:08:32]} {[%emt 00:00:14]} 41. Ke2 {[%clk 00:32:15]} {[%emt 00:00:06]} Be5
{[%clk 00:08:35]} {[%emt 00:00:06]} 42. Kd3 {[%clk 00:32:24]} {[%emt 00:00:03]}
Bd6 {[%clk 00:08:17]} {[%emt 00:00:27]} 43. Rc4 {[%clk 00:31:45]} {[%emt
00:00:49]} Be5 {[%clk 00:08:16]} {[%emt 00:00:10]} 44. Rc2 {[%clk 00:31:25]}
{[%emt 00:00:31]} Bd6 {[%clk 00:07:47]} {[%emt 00:00:39]} 45. Ke3 {[%clk
00:31:00]} {[%emt 00:00:36]} Bf4+ {[%clk 00:07:34]} {[%emt 00:00:22]} 46. Ke2
{[%clk 00:31:06]} {[%emt 00:00:05]} Be5 {[%clk 00:07:28]} {[%emt 00:00:16]} 47.
Kd1 {[%clk 00:30:06]} {[%emt 00:01:10]} Bf4 {[%clk 00:07:18]} {[%emt 00:00:19]}
48. Rc6 {[%clk 00:30:09]} {[%emt 00:00:07]} Be5 {[%clk 00:07:21]} {[%emt
00:00:07]} 49. Kd2 {[%clk 00:29:44]} {[%emt 00:00:35]} Bf4+ {[%clk 00:07:23]}
{[%emt 00:00:08]} 50. Kc3 {[%clk 00:29:43]} {[%emt 00:00:12]} Be5+ {[%clk
00:07:25]} {[%emt 00:00:07]} 51. Kd3 {[%clk 00:28:48]} {[%emt 00:01:06]} Bd6
{[%clk 00:07:28]} {[%emt 00:00:07]} 52. Rc4 {[%clk 00:28:56]} {[%emt 00:00:02]}
Be5 {[%clk 00:07:28]} {[%emt 00:00:10]} 53. Rc6 {[%clk 00:24:59]} {[%emt
00:04:07]} Bd6 {[%clk 00:07:33]} {[%emt 00:00:05]} 54. Kc3 {[%clk 00:25:04]}
{[%emt 00:00:04]} Be5+ {[%clk 00:07:38]} {[%emt 00:00:06]} 55. Kb3 {[%clk
00:21:47]} {[%emt 00:03:27]} Bd6 {[%clk 00:07:41]} {[%emt 00:00:06]} 56. Rc4
{[%clk 00:21:11]} {[%emt 00:00:46]} Be5 {[%clk 00:07:35]} {[%emt 00:00:17]} 57.
Re4 {[%clk 00:20:35]} {[%emt 00:00:45]} Bd6 {[%clk 00:07:21]} {[%emt 00:00:23]}
58. Re8 {[%clk 00:19:50]} {[%emt 00:00:56]} Be5 {[%clk 00:07:08]} {[%emt
00:00:23]} 59. Rd8+ {[%emt 00:01:24]} Ke6 {[%emt 00:00:15]} 60. Kc4 {[%clk
00:18:07]} {[%emt 00:00:15]} Ke7 {[%clk 00:07:07]} {[%emt 00:00:09]} 61. Rd3
{[%clk 00:17:55]} {[%emt 00:00:22]} Ke6 {[%clk 00:07:09]} {[%emt 00:00:08]} 62.
Re3 {[%clk 00:17:47]} {[%emt 00:00:17]} Kd6 {[%clk 00:06:59]} {[%emt 00:00:21]}
63. Re2 {[%clk 00:17:44]} {[%emt 00:00:11]} Ke6 {[%clk 00:05:42]} {[%emt
00:01:30]} 64. Re1 {[%clk 00:17:43]} {[%emt 00:00:10]} Kd6 {[%clk 00:05:42]}
{[%emt 00:00:10]} 65. Re3 {[%clk 00:17:49]} {[%emt 00:00:04]} Ke6 {[%clk
00:05:38]} {[%emt 00:00:14]} 66. f4 {[%clk 00:17:30]} {[%emt 00:00:30]} gxf4
{[%emt 00:00:10]} 67. Rh3 {[%clk 00:17:38]} Kf5 {[%clk 00:05:31]} {[%emt
00:00:18]} 68. Rxh4 {[%clk 00:17:36]} {[%emt 00:00:13]} Kg5 {[%clk 00:05:36]}
{[%emt 00:00:04]} 69. Rh7 {[%clk 00:17:34]} {[%emt 00:00:11]} Kg4 {[%clk
00:04:25]} {[%emt 00:01:22]} 70. Rg7 {[%clk 00:17:29]} {[%emt 00:00:16]} Kh4
{[%clk 00:04:32]} {[%emt 00:00:02]} 71. Kd5 {[%clk 00:17:28]} {[%emt 00:00:12]}
Kh5 {[%clk 00:02:59]} {[%emt 00:01:43]} 72. Ke6 {[%clk 00:17:21]} {[%emt
00:00:17]} Kh6 {[%clk 00:03:07]} {[%emt 00:00:02]} 73. Rg4 {[%clk 00:17:12]}
{[%emt 00:00:19]} Kh5 {[%clk 00:02:56]} {[%emt 00:00:23]} 74. Kf5 {[%clk
00:17:09]} {[%emt 00:00:13]} Kh6 {[%clk 00:03:02]} {[%emt 00:00:03]} 75. Rg8
{[%clk 00:17:00]} {[%emt 00:00:20]} Kh7 {[%clk 00:02:59]} {[%emt 00:00:12]} 76.
Rg6 {[%clk 00:17:08]} {[%emt 00:00:02]} Bb2 {[%clk 00:01:38]} {[%emt 00:01:31]}
77. Rxf6 {[%clk 00:16:39]} {[%emt 00:00:39]} Bxf6 {[%clk 00:01:45]} {[%emt
00:00:03]} 78. Kxf6 {[%clk 00:16:45]} {[%emt 00:00:05]} Kg8 {[%clk 00:01:52]}
{[%emt 00:00:02]} 79. Kf5 {[%clk 00:16:46]} {[%emt 00:00:10]} Kf7 {[%clk
00:02:01]} 80. Kxf4 {[%clk 00:16:48]} {[%emt 00:00:08]} Ke6 {[%clk 00:02:10]}
{[%emt 00:00:01]} 81. g4 {[%clk 00:16:53]} {[%emt 00:00:05]} Kd5 {[%clk
00:02:18]} {[%emt 00:00:02]} 82. g5 {[%clk 00:16:58]} {[%emt 00:00:05]} Kc5
{[%clk 00:02:26]} {[%emt 00:00:02]} 83. g6 {[%clk 00:17:07]} {[%emt 00:00:01]}
Kxb5 {[%clk 00:02:34]} {[%emt 00:00:02]} 84. g7 {[%clk 00:17:15]} {[%emt
00:00:01]} c5 {[%clk 00:02:42]} {[%emt 00:00:02]} 85. g8=Q {[%clk 00:17:23]}
{[%emt 00:00:02]} Kb4 {[%clk 00:02:46]} {[%emt 00:00:05]} 86. Ke3 {[%clk
00:17:32]} {[%emt 00:00:01]} b5 {[%clk 00:02:34]} {[%emt 00:00:22]} 87. Qa2
{[%clk 00:17:38]} {[%emt 00:00:03]} c4 {[%clk 00:02:37]} {[%emt 00:00:08]} 88.
Qb2+ {[%clk 00:17:47]} Kc5 {[%clk 00:02:40]} {[%emt 00:00:08]} 89. Qd4+ {[%clk
00:17:55]} {[%emt 00:00:02]} Kb4 {[%clk 00:02:48]} {[%emt 00:00:02]} 90. Kd2
{[%clk 00:18:02]} {[%emt 00:00:02]} Kb3 {[%clk 00:02:54]} {[%emt 00:00:04]} 91.
Qc3+ {[%clk 00:18:11]} {[%emt 00:00:01]} Ka4 {[%clk 00:03:03]} {[%emt
00:00:02]} 92. Kc2 {[%clk 00:18:16]} {[%emt 00:00:04]} b4 {[%clk 00:02:51]}
{[%emt 00:00:22]} 93. Qxc4 {[%clk 00:18:24]} {[%emt 00:00:02]} Ka5 {[%clk
00:02:51]} {[%emt 00:00:11]} 94. Kb3 {[%clk 00:18:33]} {[%emt 00:00:01]} 1-0

[Event "English Schools Championship Final 2024"]
[Site "Nottingham University Kings Meadow Campus, United Kingdom"]
[Date "2024.06.27"]
[Round "3.68"]
[White "Robinson, Ben"]
[Black "Agrawal, Ansh"]
[Result "0-1"]
[TimeControl "G50' + 10\" per move."]
[BlackFideId "473634"]
[WhiteElo "1609"]
[BlackElo "1589"]

1. d4 {[%clk 00:50:15]} {[%emt 00:00:05]} d5 {[%clk 00:50:19]} {[%emt
00:00:01]} 2. c4 {[%clk 00:50:09]} {[%emt 00:00:16]} c6 {[%clk 00:50:25]}
{[%emt 00:00:04]} 3. e3 {[%clk 00:49:15]} {[%emt 00:01:04]} Nf6 {[%clk
00:50:28]} {[%emt 00:00:08]} 4. Nc3 {[%clk 00:48:08]} {[%emt 00:01:16]} Bf5
{[%clk 00:50:34]} {[%emt 00:00:05]} 5. Nf3 {[%clk 00:47:13]} {[%emt 00:01:05]}
e6 {[%clk 00:50:38]} {[%emt 00:00:06]} 6. Be2 {[%clk 00:46:16]} {[%emt
00:01:06]} Ne4 {[%clk 00:50:34]} {[%emt 00:00:14]} 7. Nxe4 {[%clk 00:45:09]}
{[%emt 00:01:17]} Bxe4 {[%clk 00:50:37]} {[%emt 00:00:07]} 8. O-O {[%clk
00:44:52]} {[%emt 00:00:27]} Bd6 {[%clk 00:50:40]} {[%emt 00:00:07]} 9. c5
{[%clk 00:41:49]} {[%emt 00:03:13]} Bc7 {[%clk 00:50:44]} {[%emt 00:00:07]} 10.
Bd3 {[%clk 00:37:29]} {[%emt 00:04:29]} f5 {[%clk 00:50:36]} {[%emt 00:00:18]}
11. Bxe4 {[%clk 00:32:40]} {[%emt 00:04:59]} fxe4 {[%clk 00:50:11]} {[%emt
00:00:36]} 12. Ne5 {[%clk 00:31:57]} {[%emt 00:00:52]} O-O {[%clk 00:49:52]}
{[%emt 00:00:28]} 13. Qg4 {[%clk 00:30:02]} {[%emt 00:02:05]} Rf6 {[%emt
00:01:59]} 14. f4 {[%clk 00:28:36]} exf3 {[%clk 00:48:47]} {[%emt 00:01:03]} 15.
Rxf3 {[%clk 00:27:52]} {[%emt 00:00:54]} Bxe5 {[%clk 00:48:34]} {[%emt
00:00:23]} 16. dxe5 {[%clk 00:27:48]} {[%emt 00:00:14]} Rg6 {[%clk 00:48:39]}
{[%emt 00:00:05]} 17. Qf4 {[%clk 00:26:29]} {[%emt 00:01:28]} Qe7 {[%clk
00:48:16]} {[%emt 00:00:34]} 18. Bd2 {[%clk 00:24:09]} {[%emt 00:02:30]} Nd7
{[%clk 00:48:19]} {[%emt 00:00:07]} 19. Raf1 {[%clk 00:20:39]} {[%emt
00:03:39]} Rf8 {[%clk 00:47:40]} {[%emt 00:00:49]} 20. Qd4 {[%clk 00:20:09]}
{[%emt 00:00:40]} Rxf3 {[%clk 00:47:04]} {[%emt 00:00:47]} 21. Rxf3 {[%clk
00:20:09]} {[%emt 00:00:10]} Qg5 {[%clk 00:47:08]} {[%emt 00:00:06]} 22. Rg3
{[%clk 00:17:11]} {[%emt 00:03:09]} Qxe5 {[%clk 00:46:51]} {[%emt 00:00:28]} 23.
Qxe5 {[%clk 00:17:08]} {[%emt 00:00:11]} Nxe5 {[%clk 00:46:45]} {[%emt
00:00:17]} 24. Rxg6 {[%clk 00:16:38]} {[%emt 00:00:40]} hxg6 {[%clk 00:46:47]}
{[%emt 00:00:08]} 25. Bc3 {[%clk 00:15:53]} {[%emt 00:00:55]} Nd7 {[%clk
00:45:55]} {[%emt 00:01:02]} 26. b4 {[%clk 00:15:46]} {[%emt 00:00:16]} a5
{[%clk 00:45:49]} {[%emt 00:00:17]} 27. a3 {[%clk 00:15:38]} {[%emt 00:00:18]}
Kf7 {[%clk 00:45:53]} {[%emt 00:00:06]} 28. Kf2 {[%clk 00:15:06]} {[%emt
00:00:42]} Nf6 {[%clk 00:45:53]} {[%emt 00:00:10]} 29. Kf3 {[%clk 00:13:27]}
{[%emt 00:01:49]} axb4 {[%clk 00:45:42]} {[%emt 00:00:21]} 30. axb4 {[%clk
00:13:22]} {[%emt 00:00:14]} Ne4 {[%clk 00:45:17]} {[%emt 00:00:36]} 31. Bd4
{[%clk 00:12:24]} {[%emt 00:01:07]} g5 {[%clk 00:44:59]} {[%emt 00:00:28]} 32.
g4 {[%clk 00:09:41]} {[%emt 00:02:53]} Nd2+ {[%clk 00:44:47]} {[%emt 00:00:22]}
33. Kg3 {[%clk 00:07:31]} {[%emt 00:02:21]} Nc4 {[%clk 00:44:46]} {[%emt
00:00:11]} 34. Kf3 {[%clk 00:06:10]} {[%emt 00:01:31]} e5 {[%clk 00:44:33]}
{[%emt 00:00:22]} 35. Bc3 {[%clk 00:06:07]} {[%emt 00:00:14]} Kf6 {[%clk
00:44:16]} {[%emt 00:00:27]} 36. h3 {[%clk 00:05:19]} {[%emt 00:00:59]} Na3
{[%clk 00:43:31]} {[%emt 00:00:53]} 37. Ke2 {[%clk 00:04:37]} {[%emt 00:00:53]}
Nb5 {[%clk 00:43:32]} {[%emt 00:00:09]} 38. Kd3 {[%clk 00:03:46]} {[%emt
00:01:01]} Nxc3 {[%clk 00:41:53]} {[%emt 00:01:49]} 39. Kxc3 {[%clk 00:03:53]}
{[%emt 00:00:03]} Ke6 {[%clk 00:41:40]} {[%emt 00:00:23]} 40. Kd3 {[%clk
00:03:27]} {[%emt 00:00:35]} e4+ {[%clk 00:41:35]} {[%emt 00:00:16]} 41. Kd4
{[%clk 00:03:19]} {[%emt 00:00:18]} g6 {[%clk 00:41:37]} {[%emt 00:00:08]} 42.
Kc3 {[%clk 00:03:22]} {[%emt 00:00:07]} Ke5 {[%clk 00:41:46]} {[%emt 00:00:01]}
43. Kd2 {[%clk 00:01:05]} {[%emt 00:02:27]} d4 {[%clk 00:41:48]} {[%emt
00:00:08]} 44. exd4+ {[%clk 00:01:07]} {[%emt 00:00:08]} Kxd4 {[%clk 00:41:53]}
{[%emt 00:00:05]} 45. Ke2 {[%clk 00:01:10]} {[%emt 00:00:07]} e3 {[%clk
00:41:34]} {[%emt 00:00:29]} 46. Kd1 {[%clk 00:00:16]} {[%emt 00:01:03]} Kd3
{[%clk 00:41:37]} {[%emt 00:00:08]} 47. Ke1 {[%clk 00:00:13]} {[%emt 00:00:14]}
e2 {[%clk 00:41:41]} {[%emt 00:00:05]} 48. h4 {[%clk 00:00:12]} {[%emt
00:00:10]} gxh4 {[%clk 00:41:39]} {[%emt 00:00:12]} 49. g5 {[%clk 00:00:20]}
{[%emt 00:00:02]} h3 {[%clk 00:41:37]} {[%emt 00:00:11]} 50. b5 {[%clk
00:00:29]} {[%emt 00:00:01]} cxb5 {[%clk 00:41:26]} {[%emt 00:00:21]} 51. c6
{[%clk 00:00:33]} {[%emt 00:00:06]} bxc6 {[%clk 00:41:25]} {[%emt 00:00:10]} 52.
Kf2 {[%clk 00:00:41]} {[%emt 00:00:03]} Kd2 {[%clk 00:41:19]} {[%emt 00:00:16]}
0-1